Das baltische Herrenhaus

Titel: Das baltische Herrenhaus / Heinz Pirang
Verfasser:
Veröffentlicht: Hannover-Döhren : v. Hirscheydt
Format: Mehrteiliges Werk
Sprache: Deutsch
Schlagworte:
Bände: alle Bände anzeigen
Kein Bild verfügbar
X
alg: 31420795
001A    $00030:11-12-12 
001B    $01999:18-03-21 $t00:27:00.000 
001C    $00030:11-12-12 $t13:19:09.000 
001D    $00030:11-12-12 
001U    $0utf8 
001X    $00 
002@    $0Acf 
003@    $0314207953 
007A    $0314207953 $aHEB 
010@    $ager 
021A    $aDas @baltische Herrenhaus $hHeinz Pirang 
028A    $7117688991 $8Pirang, Heinz$Z1876-1936 [Tp1] $9151436282 
033A    $pHannover-Döhren $nv. Hirscheydt 
044K    $#Baltische Staaten $#Baltikum $#Baltische Staaten $#Baltische Provinzen $#Russische Ostseeprovinzen $#Baltische Republiken $#Russland, Ostseeprovinzen $74004379-4 $8Baltikum [Tg1] $9085003506 
044K    $RFronhof $RAdelshaus $RGutshaus $#Manors $#Manoirs $#Herrensitz $#Landsitz $74024581-0 $8Herrenhaus [Ts1] $9085061018 
044K    $RArchitekt $RBaudenkmal $RBauweise $RInnenarchitektur $#Architecture $#Architecture $#Baukunst $74002851-3 $8Architektur [Ts1] $9084999292 
044K    $RGroßgrundbesitz $RLatifundium $RLandwirtschaftlicher Großbetrieb $#Manors $#Landgut $#Gutshof $#Güter Landwirtschaft $#Landgüter $#Gutshöfe $74158572-0 $8Gut$gLandwirtschaft [Ts1] $9085685941 

lok: 31420795 3

exp: 31420795 3 1 #EPN
201B/01 $011-12-12 $t22:42:32.000 
203@/01 $0659500639 
208@/01 $a11-12-12 $bdummy 
201U/01 $0utf8 

lok: 31420795 15
101B    $020-08-20 $t08:08:51.000 
101C    $020-08-20 
101U    $0utf8 
145S/01 $a09000 

exp: 31420795 15 1 #EPN
201B/01 $020-08-20 $t08:08:51.000 
201C/01 $020-08-20 
201U/01 $0utf8 
203@/01 $01118242513 
208@/01 $a20-08-20 $bdummy 

lok: 31420795 24

exp: 31420795 24 1 #EPN
201B/01 $021-03-19 $t10:51:17.000 
201C/01 $021-03-19 
201U/01 $0utf8 
203@/01 $01048568644 
208@/01 $a21-03-19 $bda 
209B/01 $aEinzelbestellung (050) $x09 
220C/01 $ahae
LEADER 00000cam a22000002ca4500
001 314207953
003 DE-603
005 20210318002700.0
007 tu
008 121211s xx |||| | u00||u|ger c
035 |a (DE-599)HEB314207953 
040 |a DE-603  |b ger  |c DE-603  |d DE-603 
041 |a ger 
100 1 |a Pirang, Heinz  |d 1876-1936  |0 (DE-603)151436282  |0 (DE-588)117688991  |2 gnd 
245 0 0 |a ˜Dasœ baltische Herrenhaus  |c Heinz Pirang 
264 1 |a Hannover-Döhren  |b v. Hirscheydt 
650 7 |a Herrenhaus  |0 (DE-588)4024581-0  |0 (DE-603)085061018  |2 gnd 
650 7 |a Architektur  |0 (DE-588)4002851-3  |0 (DE-603)084999292  |2 gnd 
650 7 |a Gut  |g Landwirtschaft  |0 (DE-588)4158572-0  |0 (DE-603)085685941  |2 gnd 
651 7 |a Baltikum  |0 (DE-588)4004379-4  |0 (DE-603)085003506  |2 gnd 
924 0 |9 603  |a (DE-603)659500639  |b DE-603  |c HES  |d d 
924 0 |9 603  |a (DE-603)1118242513  |b DE-603  |c HES  |d d 
924 0 |9 603  |a (DE-603)1048568644  |b DE-603  |c HES  |d d